[Event "CZE-chT2B 1415"]
[Site "Czech Republic"]
[Date "2015.03.15"]
[Round "9.8"]
[White "Stolc, Martin"]
[Black "Horan, Tomas"]
[Result "1/2-1/2"]
[WhiteElo "2006"]
[BlackElo "1901"]
[PlyCount "54"]
[EventDate "2014.11.02"]
[EventType "team-tourn"]
[EventRounds "11"]
[EventCountry "CZE"]
[SourceTitle "EXT 2022"]
[Source "ChessBase"]
[SourceDate "2021.10.06"]
[SourceVersion "1"]
[SourceVersionDate "2021.10.06"]
[SourceQuality "1"]
[WhiteTeam "Jicin III"]
[BlackTeam "Most Chess II"]
[WhiteTeamCountry "CZE"]
[BlackTeamCountry "CZE"]

1. b3 d5 2. Bb2 Nc6 3. Nf3 Bf5 4. e3 a6 5. a3 e6 6. c4 Nf6 7. d4 Be7 8. Nc3 0-0 9. h3 Ne4 10. Be2 Bg6 11. 0-0 f5 12. cxd5 exd5 13. Nxd5 Kh8 14. Nf4 Bf7 15. Bc4 Bf6 16. Bxf7 Rxf7 17. Nh5 Qd5 18. Rc1 Na5 19. Nxf6 gxf6 20. b4 Nc4 21. Rc2 b5 22. Ne1 Rg8 23. Bc1 Ng5 24. Qh5 Rfg7 25. f3 Rg6 26. Nd3 Ne6 27. Qh4 Qd8 1/2-1/2

[Event "CZE-chT2A 1213"]
[Site "Czech Republic"]
[Date "2013.03.03"]
[Round "10.7"]
[White "Jonas, Vaclav"]
[Black "Horan, Tomas"]
[Result "1-0"]
[WhiteElo "1975"]
[BlackElo "1951"]
[PlyCount "71"]
[EventDate "2012.10.14"]
[EventType "team-tourn"]
[EventRounds "11"]
[EventCountry "CZE"]
[SourceTitle "EXT 2015"]
[Source "ChessBase"]
[SourceDate "2014.11.20"]
[SourceVersion "1"]
[SourceVersionDate "2014.11.20"]
[SourceQuality "1"]
[WhiteTeam "Klatovy"]
[BlackTeam "Most Chess II"]
[WhiteTeamCountry "CZE"]
[BlackTeamCountry "CZE"]

1. e4 e5 2. Nf3 Nf6 3. Bc4 Nc6 4. d4 exd4 5. 0-0 d6 6. Nxd4 Bd7 7. Nc3 Be7 8. h3 0-0 9. Be3 Ne5 10. Bb3 Qc8 11. f4 Ng6 12. g4 h6 13. g5 hxg5 14. fxg5 Nh7 15. Qh5 Bxh3 16. Nf5 Bxf5 17. Rxf5 Ne5 18. g6 Nf6 19. Rxf6 Qg4+ 20. Qxg4 Nxg4 21. gxf7+ Kh7 22. Rf3 Bf6 23. Rh3+ Kg6 24. Rg3 Kh5 25. Kg2 Nxe3+ 26. Rxe3 c6 27. Rf1 Be5 28. Ne2 g5 29. Ng3+ Kg6 30. Nf5 Rh8 31. Rh3 Rxh3 32. Kxh3 Rf8 33. Kg4 Bf4 34. Rh1 Kf6 35. Rh6+ Ke5 36. Re6# 1-0

[Event "CZE-chT2A 1213"]
[Site "Czech Republic"]
[Date "2012.12.16"]
[Round "5.7"]
[White "Horan, Tomas"]
[Black "Janousek, Petr"]
[Result "0-1"]
[WhiteElo "1951"]
[BlackElo "2176"]
[PlyCount "70"]
[EventDate "2012.10.14"]
[EventType "team-tourn"]
[EventRounds "11"]
[EventCountry "CZE"]
[SourceTitle "EXT 2015"]
[Source "ChessBase"]
[SourceDate "2014.11.20"]
[SourceVersion "1"]
[SourceVersionDate "2014.11.20"]
[SourceQuality "1"]
[WhiteTeam "Most Chess II"]
[BlackTeam "Kozolupy"]
[WhiteTeamCountry "CZE"]
[BlackTeamCountry "CZE"]

1. e4 e5 2. Nf3 Nc6 3. Bb5 a6 4. Ba4 Nf6 5. 0-0 Nxe4 6. d4 b5 7. Bb3 d5 8. Nxe5 Nxe5 9. dxe5 c6 10. Be3 Bf5 11. c3 Bc5 12. Bxc5 Nxc5 13. Bc2 Bxc2 14. Qxc2 0-0 15. Nd2 f6 16. exf6 Qxf6 17. Nb3 Ne6 18. a4 Rae8 19. axb5 axb5 20. g3 Qf3 21. Qd1 Ng5 22. Qxf3 Nxf3+ 23. Kg2 Re2 24. Rab1 Nd2 25. Nxd2 Rxd2 26. b3 Rc2 27. Rbc1 Rfxf2+ 28. Rxf2 Rxc1 29. Rf3 Rc2+ 30. Kg1 g6 31. b4 Kg7 32. g4 d4 33. Rd3 dxc3 34. Rd6 Rd2 35. Rxc6 c2 0-1